Chansons d'Orelsan par paroles ( partie 2 ) - Statistiques

Statistiques générales
  • Ce quiz a été pris 256 fois
  • Le résultat moyen est 8 sur 15
Statistiques - réponses
Hint Réponse % Correct
Mon père mon héros m'a offert les Jordans 8 avec les scratchsdonc j'fais tout pour le rendre fier quand il vient m'voir à tous les matchs. La quête
89%
J'viens d'la terre du milieu, où y a pleins de p'tits vieux, oùl'chômage et la tisane forment un cercle vicieux, où on critique les invités qui viennent de partir, c'est pas qu'on est lent, c'est qu'on prend notre temps pour réfléchir. La pluie
78%
J'entends les bouteilles, la nuit elle tombe dans l'escalier,j'lui dit qu'elle boit trop, elle m'dit qu'j'bois plus assez. Bébéboa
74%
Avant j'avais peur d'être peur d'être pas normal. Quand j'voisles gens normaux j'suis fier d'être pas normal. San
68%
Maman m'a dit "S'il y a des pauvres, c'est qu'ils ont mal travailléà l'école". C'est pas sa faute, sa mère racontait le même genre de merde à ces gosses. C'est pas sa faute, sa mère bref... Civilisation
61%
Direction la Roumanie, yeah, où des meufs se tuent pour fabriquer nos habits, yeah, 200 km jusqu'à la sérigraphie, yeah, pour mettre le logo d'un designer méga riche, yeah. Baise le monde
58%
J'portais l'adolescence comme un fardeau, passe-moi unecraie blanche, j'veux plus d'noir sur le tableau. Si seul
55%
J'habitais dans une ville de merde avec la Tour Eiffel dedans, où les gens sont tristes et pressés où les gens pleurent en marchant, mais j'viens d'prendre une maison près d'Caen où ma famille passe les dimanches. Seul avec du monde autour
52%
New-York, la salle est pleine, merde, Tokyo la salle est pleine, merde, Paris, merci, merci, j'pose un bercy sur toute la semaine. Shonen
52%
J'veux voir mes fans grandir avec moi, j'inventerai jamaisn'importe quoi, j'veux pas dev'nir une erreur de jeunesse que tu regrettes quand tu grandiras. Du propre
49%
J'aime que les mangas, et les films de Van Damm. Christophe
44%
Toute la semaine dans la même boîte avec les même Nike Air,avec les mêmes videurs, qui t'mettent les mêmes galères. Soirée ratée
41%
J'prends même plus la peine d'avoir une opinion, j'fais des copiés-collés de discussion, j'crée l'illusion. Le chant des sirènes
39%
Le plus dur c'est pas l'cauchemar, c'est l'instant d'après Elle viendra quand même
30%
Elle dit qu'on est foutu, qu'la mer monte, j'en sais rien maisdans l'doute, si tu savais bien nager, ça s'rait mieux. Si tu d'viens genre meilleur que nous on peut p't-être s'en sortir, désolé si j'mets tout l'avenir entre tes mains. Nous contre le monde
30%
Aucun quiz correspondant
Distribution des résultats
% des personnes avec chaque résultat
Percentile par nombre de réponses
Votre historique - résultats
Vous n’avez pas pris ce quiz